[Event "HUN-chT2 Asztalos 0809"]
[Site "Hungary"]
[Date "2009.04.19"]
[Round "11"]
[White "Szekacs, Mark"]
[Black "Czimer, Jozsef"]
[Result "1/2-1/2"]
[WhiteElo "1737"]
[BlackElo "1865"]
[PlyCount "80"]
[EventDate "2008.10.26"]
[EventType "team-tourn"]
[EventRounds "11"]
[EventCountry "HUN"]
[SourceTitle "EXT 2010"]
[Source "ChessBase"]
[SourceDate "2010.11.25"]
[SourceVersion "1"]
[SourceVersionDate "2010.11.25"]
[SourceQuality "1"]
[WhiteTeam "Szenna Pack II"]
[BlackTeam "MAV Elore"]
[WhiteTeamCountry "HUN"]
[BlackTeamCountry "HUN"]

1. e4 e5 2. Nf3 Nc6 3. Bb5 a6 4. Ba4 Nf6 5. 0-0 Nxe4 6. d4 exd4 7. Re1 d5 8. Nxd4 Bd6 9. g3 0-0 10. Nxc6 Qf6 11. Be3 Bxg3 12. fxg3 bxc6 13. Nd2 Qg6 14. Nxe4 dxe4 15. Qd4 Re8 16. Qc5 Bb7 17. Rad1 h6 18. Rd7 Rad8 19. Rxc7 Rd5 20. Qc3 Ba8 21. Bxc6 Bxc6 22. Rxc6 Qg4 23. Rc4 h5 24. Rd4 Rf5 25. Bf2 h4 26. Re3 Rg5 27. Qc6 Rge5 28. Rd5 h3 29. Rxe5 Rxe5 30. Qc3 Rd5 31. Re1 Rd1 32. Qe3 Rxe1+ 33. Bxe1 f5 34. c4 Qd1 35. c5 Kf8 36. c6 Qc2 37. Qa3+ Ke8 38. Bd2 Qxd2 39. Kf1 Qd1+ 40. Kf2 Qd2+ 1/2-1/2

[Event "HUN-chT2 Asztalos 0809"]
[Site "Hungary"]
[Date "2009.01.11"]
[Round "5"]
[White "Hoflinger, Istvan"]
[Black "Szekacs, Mark"]
[Result "0-1"]
[WhiteElo "2036"]
[BlackElo "1737"]
[PlyCount "52"]
[EventDate "2008.10.26"]
[EventType "team-tourn"]
[EventRounds "11"]
[EventCountry "HUN"]
[SourceTitle "EXT 2010"]
[Source "ChessBase"]
[SourceDate "2010.11.25"]
[SourceVersion "1"]
[SourceVersionDate "2010.11.25"]
[SourceQuality "1"]
[WhiteTeam "Dunaujvaros"]
[BlackTeam "Szenna Pack II"]
[WhiteTeamCountry "HUN"]
[BlackTeamCountry "HUN"]

1. d4 Nf6 2. c4 g6 3. Nc3 d5 4. cxd5 Nxd5 5. e4 Nxc3 6. bxc3 Bg7 7. Bb5+ Bd7 8. Bd3 c5 9. Ne2 0-0 10. 0-0 Nc6 11. e5 Be6 12. Be4 Bd5 13. Bxd5 Qxd5 14. Qa4 Rfd8 15. Be3 a6 16. Nf4 Qd7 17. e6 fxe6 18. Qc4 cxd4 19. cxd4 b5 20. Qxe6+ Qxe6 21. Nxe6 Rd6 22. Rad1 Rxe6 23. d5 Rxe3 24. fxe3 Nb4 25. a3 Nc2 26. Rd3 Rc8 0-1

[Event "HUN-chT2 Asztalos 0809"]
[Site "Hungary"]
[Date "2008.11.02"]
[Round "2"]
[White "Szekacs, Mark"]
[Black "Fehervari, Istvan"]
[Result "1-0"]
[WhiteElo "1737"]
[BlackElo "2036"]
[PlyCount "83"]
[EventDate "2008.10.26"]
[EventType "team-tourn"]
[EventRounds "11"]
[EventCountry "HUN"]
[SourceTitle "EXT 2010"]
[Source "ChessBase"]
[SourceDate "2010.11.25"]
[SourceVersion "1"]
[SourceVersionDate "2010.11.25"]
[SourceQuality "1"]
[WhiteTeam "Szenna Pack II"]
[BlackTeam "Fehervar"]
[WhiteTeamCountry "HUN"]
[BlackTeamCountry "HUN"]

1. e4 e5 2. Nf3 Nc6 3. Bb5 a6 4. Ba4 Nf6 5. 0-0 Be7 6. Re1 b5 7. Bb3 d6 8. c3 0-0 9. d4 Bg4 10. d5 Na5 11. Bc2 Nc4 12. b3 Nb6 13. Nbd2 Qc8 14. Nf1 Re8 15. Qd3 c5 16. h3 Bd7 17. c4 b4 18. N3h2 a5 19. f4 a4 20. Bd2 axb3 21. axb3 Qc7 22. g4 h6 23. Nf3 Nh7 24. Ng3 f6 25. Nh4 Nf8 26. Nhf5 Ng6 27. Nh5 Bf8 28. Qe3 exf4 29. Nxf4 Ne5 30. Rf1 Ra7 31. Nh5 Rea8 32. Rxa7 Rxa7 33. Nxh6+ Kh8 34. Nf5 Bxf5 35. gxf5 Ra3 36. Qf4 Qf7 37. Qh4 Kg8 38. Nf4 Nbxc4 39. bxc4 Nf3+ 40. Rxf3 Rxf3 41. Ng6 Qa7 42. Qh8+ 1-0